El descubrimiento del tiempo

Guardat en:
Dades bibliogràfiques
Autors principals: Toulmin, Stephen (Autor), Goodfield, June (Autor)
Format: Llibre
Idioma:espanyol
Publicat: Buenos Aires Paidós 1968
Col·lecció:Biblioteca de Historia. Serie Mayor, 1
Matèries:
Etiquetes: Afegir etiqueta
Sense etiquetes, Sigues el primer a etiquetar aquest registre!

MARC

LEADER 00000nam a2200000 a 4500
001 UCZ3396
003 CL-VaPUC
008 951020e19680000AG |||||||||||||||||spa|d
082 0 4 |a 509  |b TOU  |2 21 
100 0 |a Toulmin, Stephen  |e author  |9 347178 
700 0 |a Goodfield, June  |e author  |9 347179 
245 1 3 |a El descubrimiento del tiempo 
300 |a 267 p 
942 |c BK 
945 |d 19951020 00:00:00  |a cmena 
260 |a Buenos Aires  |b Paidós  |c 1968 
650 0 |a Historia de las ciencias   |9 264975 
650 0 |a Ciencia  |9 255691 
650 0 |a Filosofía de las ciencias  |9 256466 
583 |a last modification  |c 19951020 00:00:00  |k Rodrigo Vera 
490 0 |a Biblioteca de Historia. Serie Mayor, 1 
999 |c 239877  |d 239875 
952 |0 0  |1 0  |4 0  |6 509_000000000000000_TOU_1968  |7 0  |8 P  |9 251336  |a BIBEDU  |b BIBEDU  |c BIBEDU_PB  |d 2019-11-18  |i 1587471  |o 509 TOU 1968  |p 1587471  |r 2024-01-25  |w 2019-11-18  |y BK  |k FIL